ბათუმის შოთა რუსთაველის სახელმწიფო უნივერსიტეტის ბიბლიოთეკა

კეთილშობილი დაფნის მავნებლები და მათთან ბრძოლა. (ბიბ.ჩანაწერი № 44353)

000 -LEADER
fixed length control field 00927nam a2200229Ia 4500
001 - CONTROL NUMBER
control field 11114
003 - CONTROL NUMBER IDENTIFIER
control field GE_BSU
008 - FIXED-LENGTH DATA ELEMENTS--GENERAL INFORMATION
fixed length control field 181216s||||||||xx |||||||||||||| ||und||
040 ## - CATALOGING SOURCE
Transcribing agency GE_BSU
080 ## - UNIVERSAL DECIMAL CLASSIFICATION NUMBER
Universal Decimal Classification number 633.814.574:632.7
100 ## - MAIN ENTRY--PERSONAL NAME
Personal name ჯაში,ვარლამ. ჯაში,ვლადიმერ.
245 ## - TITLE STATEMENT
Title კეთილშობილი დაფნის მავნებლები და მათთან ბრძოლა.
245 ## - TITLE STATEMENT
Statement of responsibility, etc. რედ:ლ.ბეჟანიძე.
260 ## - PUBLICATION, DISTRIBUTION, ETC.
Place of publication, distribution, etc. ბათუმი.
260 ## - PUBLICATION, DISTRIBUTION, ETC.
Name of publisher, distributor, etc. საბჭოთა აჭარა.
260 ## - PUBLICATION, DISTRIBUTION, ETC.
Date of publication, distribution, etc. 1973.
300 ## - PHYSICAL DESCRIPTION
Extent 305გვ;22სმ
300 ## - PHYSICAL DESCRIPTION
Accompanying material დანართი.გვ.293.
520 ## - SUMMARY, ETC.
Summary, etc. რეზ.რუსულ ენაზე.გვ.278.
653 ## - INDEX TERM--UNCONTROLLED
Uncontrolled term კეთილშობილი დაფნის მავნებლები და მათთან ბრძოლა.
942 ## - ADDED ENTRY ELEMENTS (KOHA)
Koha item type წიგნი
ეგზემპლარები
Withdrawn status Lost status Damaged status Not for loan Date acquired Barcode Date last seen Price effective from Koha item type
        2018-12-17 19291 2018-12-17 2018-12-17 წიგნი